Datum a čas kvízu
20.5
Celkem bodů
Celkový počet nahraných bodů na tomto kvízu bez doplňovacích otázek.
7.
Pořadí na kvízu
Konečné umístění týmu na tomto kvízu.
Zaznamenané odpovědi
| # | Otázka | Odpověď | Body | Výsledky |
|---|---|---|---|---|
| 1. | V neděli proběhly v pražské zo... | D) luskoun | 1 | |
| 2. | Který člen britské královské r... | princ George, 11. narozeniny | 0.5 | |
| 3. | Firma Mattel uvedla minulý týd... | C | 1 | |
| 4. | V ulicích 38tisícového Vernier... | C) vystavování venkovní reklamy | 0 | |
| 5. | Který český prvoligový fotbalo... | Teplice, Kabát | 0 | |
| 6. | Napište italský název tohoto t... | radiatori | 0 | |
| 7. | Zelené části brambor by se nem... | solanin | 0 | |
| 8. | Nyní se zaměříme naopak na lát... | pohanka | 0 | |
| 9. | Zobrazený tenký měkký chléb je... | lavaš | 0 | |
| 10. | Pod kterým jednoslovným názvem... | amarant | 0 |